000 01513nam a2200337Ia 4500
003 OSt
005 20201022162352.0
008 191128s2006 ck gr 000 0 spa d
020 _a9588225876
040 _aCO-JMCR
_cCO-JMCR
041 0 _aspa
082 0 4 _a658.402 /
_bM252c
_223
100 1 _aMéndez Álvarez, Carlos Eduardo,
_eautor
_911840
245 1 0 _aClima organizacional en Colombia :
_bel IMCOC: un método de análisis para su intervención /
_cCarlos Eduardo Méndez Álvarez
250 _aPrimera edición
260 _aBogotá :
_bUniversidad del Rosario,
_c2006.
300 _a142 páginas ;
_c24 cm.
300 _c 24 cm
490 0 _aLecciones de administración
500 _aIncluye datos biográficos del autor en solapa, notas a pie de páginas.
504 _aBibliografía: páginas 139-143.
505 0 _aReferentes para la definición de clima organizacional -- Componentes del clima organizacional -- Metodología para la medición del clima organizacional -- Un instrumento para medir clima organizacional -- Estudios de clima organizacional con el IMCOC en Co
520 _aCompila conceptos sobre el clima organizacional formulados por autores reconocidos,agrupa e identifica coincidencias, diferencias, componentes y variab
546 _aspa
650 2 4 _aClima organizacional
_911841
650 2 4 _aMétodo
_xIMCOC
_911842
650 2 4 _aAdministración de empresas
_911843
650 2 4 _aLiderazgo
_911844
650 2 4 _aToma de decisiones
_9283
942 _2ddc
_cBK
999 _c6104
_d6104